000 00566nam a2200205Ia 4500
003 Ost
005 20260507075659.0
008 260507s9999||||xx |||||||||||||| ||und||
020 _a3068119957
040 _cfsecg
041 _aara
100 _aمقابلة، خالد
_eمؤلف
245 0 _aفن الدلالة السياحية /
_c خالد مقابلة
260 _aعمان:
_bدار وائل للنشر,
_c1999
300 _a158 صفحة؛
653 _aدلالة سياحية
653 _aسياحة
653 _aفندقة
942 _cكتاب
999 _c45794
_d45794